Statistics for Google Maps Cities - Egypt

Click here to take the quiz!

General Stats

  • This quiz has been taken 11 times
  • The average score is 7 of 11

Answer Stats

City% Correct
Alexandria
100%
Cairo
100%
Luxor
100%
Aswan
90%
Asyut
70%
Hurghada
70%
Sohag
60%
Sharm El-Sheikh
40%
6th of October City
30%
Abu Simbel
30%
Marsa Matruh
20%

Score Distribution

Percentile by Number Answered

Percent of People with Each Score

Your Score History

You have not taken this quiz